Synchronizácia ruje prasníc po pôrode

Bibliographic Details
Main Authors: Macák, Vladimír, 1959- (Author), Hajurka, Jaroslav, 1947- (Author), Novotný, František, 1959- (Author), Hura, Vladimír, 1959- (Author), Šťavová, Ľubica, 1956- (Author)
Format: Article
Language:Slovak

MARC

LEADER 00000nab a2200000 a 4500
001 vtls010722783
003 SK-MaSNL
005 20260304192351.0
008 250709s2004 xo |||||||||||||||||slo|
035 |a (urnnbn)urn:nbn:sk:snk:ar-a04t9g 
035 |a (uuid)af79cab0-2a3c-415f-8d2e-5c44a8b39ad4 
035 |a urn:nbn:sk:snk-ab3nbf 
040 |a SNKBUCL  |b slo  |c SNKBUCL  |e AACR2 
041 0 |a slo 
044 |a xo  |c SK 
100 1 |a Macák, Vladimír,  |d 1959-  |4 aut  |9 592542 
245 1 0 |a Synchronizácia ruje prasníc po pôrode  |c V. Macák, J. Hajurka, F. Novotný, V. Hura, Ľ. Šťavová 
700 1 |a Hajurka, Jaroslav,  |d 1947-  |4 aut  |9 206393 
700 1 |a Novotný, František,  |d 1959-  |4 aut  |9 169652 
700 1 |a Hura, Vladimír,  |d 1959-  |4 aut  |9 200382 
700 1 |a Šťavová, Ľubica,  |d 1956-  |4 aut  |9 197816 
773 0 |t Infovet : veterinársky odborno-informačný časopis  |g Roč. 11, č. 2 (2004), s. 65-68 
850 |a Slovenská národná knižnica 
852 |a Slovenská národná knižnica 
954 |a odborná, vedecká literatúra pôvodná (slovenská)  |2 lita 
958 |a article1 
958 |a OND 
958 |a EUIPO 
999 |c 3061213  |d 3063143